[Event "Vilnius op 2nd"]
[Site "Vilnius"]
[Date "2012.12.06"]
[Round "6"]
[White "Vaitonis, Vytautas"]
[Black "Gerasimowisz, Stanislaw"]
[Result "1-0"]
[WhiteElo "2041"]
[BlackElo "1854"]
[PlyCount "30"]
[EventDate "2012.12.01"]
[EventType "swiss"]
[EventRounds "9"]
[EventCountry "LTU"]
[SourceTitle "EXT 2022"]
[Source "ChessBase"]
[SourceDate "2021.10.06"]
[SourceVersion "1"]
[SourceVersionDate "2021.10.06"]
[SourceQuality "1"]

1. c4 e6 2. Nf3 b6 3. Nc3 Bb7 4. e4 Nf6 5. d3 d5 6. e5 Ng8 7. cxd5 Bxd5 8. Be2 Bb7 9. 0-0 Nd7 10. d4 Ne7 11. Bd3 Ng6 12. Re1 a6 13. d5 Nc5 14. Bxg6 hxg6 15. b4 Nd7 1-0

[Event "Vilnius op 2nd"]
[Site "Vilnius"]
[Date "2012.12.02"]
[Round "2"]
[White "Patackas, Jonas"]
[Black "Gerasimowisz, Stanislaw"]
[Result "1-0"]
[WhiteElo "1975"]
[BlackElo "1854"]
[PlyCount "57"]
[EventDate "2012.12.01"]
[EventType "swiss"]
[EventRounds "9"]
[EventCountry "LTU"]
[SourceTitle "EXT 2022"]
[Source "ChessBase"]
[SourceDate "2021.10.06"]
[SourceVersion "1"]
[SourceVersionDate "2021.10.06"]
[SourceQuality "1"]

1. e4 d5 2. exd5 Nf6 3. Nc3 Nxd5 4. Nxd5 Qxd5 5. d4 Nc6 6. Nf3 Bg4 7. Be2 0-0-0 8. c3 Qh5 9. Ng5 Bxe2 10. Qxe2 Qg6 11. 0-0 h6 12. Nf3 e6 13. Bf4 Bd6 14. Bxd6 Rxd6 15. b4 f6 16. Rfe1 Re8 17. b5 Nb8 18. c4 Qf7 19. Rad1 g5 20. h3 h5 21. d5 e5 22. Nd4 f5 23. Ne6 Rdxe6 24. dxe6 Rxe6 25. Rd5 e4 26. Red1 Re8 27. Qe3 g4 28. Qg5 Qf8 29. Rxf5 1-0

[Event "Kochan Memorial op 19th"]
[Site "Koszalin"]
[Date "2008.08.07"]
[Round "4"]
[White "Gerasimowisz, Stanislaw"]
[Black "Krol, Wojciech"]
[Result "1/2-1/2"]
[WhiteElo "1951"]
[BlackElo "1887"]
[PlyCount "161"]
[EventDate "2008.08.04"]
[EventType "swiss"]
[EventRounds "9"]
[EventCountry "POL"]
[SourceTitle "CBM 125 Extra"]
[Source "ChessBase"]
[SourceDate "2008.09.01"]
[SourceVersion "1"]
[SourceVersionDate "2008.09.01"]
[SourceQuality "1"]

1. d4 d5 2. Nf3 Nf6 3. Bf4 g6 4. Nc3 Bg7 5. Qd2 h6 6. 0-0-0 g5 7. Bg3 Bf5 8. e3 c6 9. h4 g4 10. Ne5 Nbd7 11. Bd3 Ne4 12. Bxe4 dxe4 13. Nxd7 Qxd7 14. Qe2 h5 15. Rhe1 e6 16. Rd2 0-0-0 17. f3 exf3 18. gxf3 gxf3 19. Qxf3 Bh6 20. Bf4 Bxf4 21. Qxf4 Qc7 22. Qf2 Bg6 23. e4 Qa5 24. a3 Rd7 25. Red1 Rhd8 26. Qf6 Qc7 27. Qg5 Kb8 28. Qe3 b6 29. Qg5 a6 30. Qe3 Ka7 31. b3 Kb7 32. Kb2 Ka7 33. Ka2 Kb7 34. Qf3 Ka7 35. Qf2 Kb7 36. Qe3 Rd6 37. Qg5 R6d7 38. Qg2 Ka7 39. d5 exd5 40. exd5 cxd5 41. Rxd5 Rxd5 42. Rxd5 Rxd5 43. Qxd5 Qb7 44. Qd4 Qg2 45. Qd7+ Qb7 46. Qd2 Qc6 47. Qf2 Kb7 48. Qd4 Qc7 49. b4 Qc8 50. b5 a5 51. Qd5+ Ka7 52. Qd6 Qb8 53. Qd7+ Qb7 54. Qd2 Qc7 55. Qd4 Qc8 56. Qd5 Qc7 57. Qd2 Kb7 58. Kb3 Qc5 59. Qd7+ Qc7 60. Qd5+ Ka7 61. Qd2 Qc5 62. Qf4 Kb7 63. Kb2 Qf5 64. Qd2 Qc5 65. Ne2 Qc4 66. Qd7+ Qc7 67. Qd5+ Kb8 68. Nd4 Kc8 69. Nc6 Qd7 70. Qe5 Qc7 71. Qe8+ Kb7 72. Qe3 Qd7 73. Qf3 Kc7 74. Qf4+ Qd6 75. Qe3 Qf6+ 76. c3 Qe6 77. Qf4+ Qd6 78. Qf2 Qd1 79. Qf4+ Qd6 80. Qg5 Qh2+ 81. Kb3 1/2-1/2